Mathematical Statistics with Resampling and R/ by Laura M. Chihara, Tim C. Hesterberg (Record no. 52425)

MARC details
000 -LEADER
fixed length control field 00592nam a22001817a 4500
003 - CONTROL NUMBER IDENTIFIER
control field OSt
008 - FIXED-LENGTH DATA ELEMENTS--GENERAL INFORMATION
fixed length control field 260629b |||||||| |||| 00| 0 eng d
020 ## - INTERNATIONAL STANDARD BOOK NUMBER
International Standard Book Number 9781119874034
082 ## - DEWEY DECIMAL CLASSIFICATION NUMBER
Classification number 519.50285
Item number C53M
100 ## - MAIN ENTRY--PERSONAL NAME
Personal name Chihara, Laura M.
245 ## - TITLE STATEMENT
Title Mathematical Statistics with Resampling and R/ by Laura M. Chihara, Tim C. Hesterberg
250 ## - EDITION STATEMENT
Edition statement 3rd. ed.
260 ## - PUBLICATION, DISTRIBUTION, ETC. (IMPRINT)
Place of publication, distribution, etc Chennai :
Name of publisher, distributor, etc Wiley,
Date of publication, distribution, etc 2018.
300 ## - PHYSICAL DESCRIPTION
Extent xvi, 555 p.
650 ## - SUBJECT ADDED ENTRY--TOPICAL TERM
Topical term or geographic name as entry element Natural sciences & mathematics | Probabilities & applied mathematics | Mathematical statistics
700 ## - ADDED ENTRY--PERSONAL NAME
Personal name Hesterberg , Tim C.
942 ## - ADDED ENTRY ELEMENTS (KOHA)
Source of classification or shelving scheme
Koha item type Books
Holdings
Withdrawn status Lost status Source of classification or shelving scheme Damaged status Not for loan Home library Current library Shelving location Date acquired Source of acquisition Cost, normal purchase price Total Checkouts Full call number Barcode Date last seen Bill Date Koha item type Bill Number
          Dr. Rajendra Prasad Central Agricultural University Pusa, Dr. Rajendra Prasad Central Agricultural University Pusa, Book Bank 29/06/2026 Today & Tomorrow Printers and Publishers 14322.00   519.50285 C53M 87597 29/06/2026 29/01/2026 Books Bill No. IN-00449
Hosted, Implemented, Customized & Maintained by: BestBookBuddies

Powered by Koha